Library Banner

Chalay gae woh aa kar bhi (Urdu)/ (Record no. 87054)

MARC details
000 -LEADER
fixed length control field 00436nam a2200181Ia 4500
001 - CONTROL NUMBER
control field 73910
008 - FIXED-LENGTH DATA ELEMENTS--GENERAL INFORMATION
fixed length control field 160804s9999||||xx |||||||||||||| ||und||
020 ## - INTERNATIONAL STANDARD BOOK NUMBER
International Standard Book Number NA
040 ## - CATALOGING SOURCE
Transcribing agency PK-LaUMT
082 ## - DEWEY DECIMAL CLASSIFICATION NUMBER
Classification number 891.4393
Item number SHA-C
100 ## - MAIN ENTRY--PERSONAL NAME
Personal name Shahid Qureshi
245 ## - TITLE STATEMENT
Title Chalay gae woh aa kar bhi (Urdu)/
Statement of responsibility, etc Shahid Qureshi
250 ## - EDITION STATEMENT
Edition statement 2nd
260 ## - PUBLICATION, DISTRIBUTION, ETC. (IMPRINT)
Place of publication, distribution, etc Hyderabad:
Name of publisher, distributor, etc Koveeta Publications,
Date of publication, distribution, etc 2007
300 ## - PHYSICAL DESCRIPTION
Extent 160 p
546 ## - LANGUAGE NOTE
Language note UR
942 ## - ADDED ENTRY ELEMENTS (KOHA)
Koha item type Books
Holdings
Withdrawn status Lost status Damaged status Not for loan Home library Current library Date acquired Total Checkouts Full call number Barcode Date last seen Date checked out Price effective from Koha item type
        UMT Main Campus UMT Main Campus 2016-04-08 4 891.4393 SHA-C 101190 2022-02-07 2022-01-25 2016-08-04 Books